| 000 | 00575nam a2200181 4500 | ||
|---|---|---|---|
| 001 | 144492 | ||
| 003 | ES-MaACL | ||
| 005 | 20230906201029.0 | ||
| 007 | t| | ||
| 008 | 070214s1957 sp r ||||1| spa d | ||
| 245 | 0 | 0 |
_aSituación jurídica del trabajador en la empresa _b: textos para la Escuela Sindical. |
| 250 | _a7ª ed. | ||
| 260 |
_a[S. l. : _bs. n., _c1957] ( _fImp. Pueblo) |
||
| 300 |
_a111 p. ; _c17 cm. |
||
| 500 | _aPrecede al tít.: Centro de Estudios Sindicales. | ||
| 710 | 2 |
_aCentro de Estudios Sindicales. _92669 |
|
| 852 |
_aES-MaACL _jC-14748 _bR.41441 |
||
| 999 |
_c144492 _d144492 |
||